LEADER 01285nam--2200397---450- 001 990002100380203316 005 20100909085534.0 035 $a000210038 035 $aUSA01000210038 035 $a(ALEPH)000210038USA01 035 $a000210038 100 $a20041021d1975----km-y0itay0103----ba 101 0 $aita 102 $aIT 105 $a||||||||001yy 200 1 $a<> decreto legge fra governo e parlamento$fFranco Cazzola, Alberto Predieri, Grazia Priulla$gappendice di Junia De Mauro 210 $aMilano$cGiuffrè$d1975 215 $a340 p.$d24 cm 225 2 $a<> processo legislativo nel parlamento italiano$v4 410 0$12001$a<> processo legislativo nel parlamento italiano$v4 454 1$12001 461 1$1001-------$12001 676 $a328.45 700 1$aCAZZOLA,$bFranco$0119718 701 1$aPREDIERI,$bAlberto$011646 701 1$aPRIULLA,$bGrazia$0406778 702 1$aDE MAURO,$bJunia 801 0$aIT$bsalbc$gISBD 912 $a990002100380203316 951 $a328.45 CAZ 2 (Coll. ATL 4)$b36865 G.$cColl. ATL$d00289103 959 $aBK 969 $aGIU 979 $aSIAV3$b10$c20041021$lUSA01$h1326 979 $aRSIAV2$b90$c20100909$lUSA01$h0855 996 $aDecreto legge fra governo e parlamento$9644174 997 $aUNISA LEADER 01043nam--2200337---450- 001 990003508860203316 005 20110304111720.0 035 $a000350886 035 $aUSA01000350886 035 $a(ALEPH)000350886USA01 035 $a000350886 100 $a20110304d1980----km-y0itay50------ba 101 $aita 102 $aIT 105 $aa---||||001yy 200 1 $aUtilità e limiti dell'indagine diafanoscopica in senologia$fMatteo Della Corte, Guglielmo Crudele 210 $aSalerno$cs.n.$d1980 215 $a639-644 p.$cill.$d28 cm 225 2 $aEstratto da: Nuova Elea, 1980, n.8 606 0 $aMammelle$xAnalisi mediche$2BNCF 676 $a611.49 700 1$aDELLA CORTE,$bMatteo$035781 701 1$aCRUDELE,$bGuglielmo$0609611 801 0$aIT$bsalbc$gISBD 912 $a990003508860203316 951 $aFDC MISC 3/81$b1135 Med.$cFDC 959 $aBK 969 $aMED 979 $aCIANATIEMP$b90$c20110304$lUSA01$h1117 996 $aUtilità e limiti dell'indagine diafanoscopica in senologia$91114232 997 $aUNISA